Statistics for carry me out - mitski lyrics

Click here to take the quiz!

General Stats

  • This quiz has been taken 20 times
  • The average score is 85 of 107

Answer Stats

Answer% Correct
and
100%
carry
100%
i
100%
me
100%
out
100%
the
95%
when
95%
on
89%
at
84%
as
79%
chair
79%
hair
79%
in
79%
it
79%
my
79%
night
79%
plastic
79%
rains
79%
rooftop
79%
dark
74%
of
74%
so
74%
watch
74%
drive
68%
from
68%
untie
68%
bloom
58%
down
58%
flowers
58%
hear
58%
morning
58%
scent
58%
shower
58%
still
58%
unleashes
58%
your
58%
headlight
53%
hopes
53%
lead
53%
name
53%
say
53%
spirits
53%
stars
53%
styx
53%
they
53%
you'll
53%
black
42%
shines
42%

Score Distribution

Percentile by Number Answered

Percent of People with Each Score

Your Score History

You have not taken this quiz